Länder, die nach Flüssen benannt wurden - Statistiken

Allgemein
  • Dieses Quiz wurde 149 mal gespielt
  • Das Durchschnittsergebnis liegt bei 8 aus 14
Antwortstatistiken
Kontinent Land % Korrekt
Afrika Demokratische Republik Kongo
85%
Afrika Republik Kongo
85%
Afrika Niger
84%
Südamerika Paraguay
77%
Südamerika Uruguay
72%
Europa Moldawien
63%
Afrika Nigeria
63%
Asien Indien
51%
Afrika Sambia
48%
Afrika Gambia
46%
Afrika Senegal
41%
Asien Jordanien
37%
Asien Indonesien
26%
Europa Bosnien und Herzegowina
22%
Keine übereinstimmenden Quizze gefunden
Verteilung der Resultate
Anzahl Personen mit jedem Resultat
Perzentil nach korrekt beantworteten Fragen
Ihre Resultats-Entwicklung
Sie haben dieses Quiz noch nicht gespielt